| 000 | 00417nam a2200145Ia 4500 | ||
|---|---|---|---|
| 008 | 210716s1994 xx 000 0 und d | ||
| 041 | _aeng | ||
| 082 | _a519.72 CHAJ | ||
| 100 | _aChandan, Jit S;Kawatra, Mahendra P;Kim, Ki Ho. | ||
| 245 | _aEssentials of linear programming. | ||
| 250 | _a1 | ||
| 260 |
_aNew Delhi _bVikas Publishing House Pvt Ltd _c1994 |
||
| 300 | _a283 | ||
| 650 | _aLinear Programming(519.72) | ||
| 999 |
_c183139 _d183139 |
||